000 00671cam a22002293a 4500
001 14083
003 PGUSA
005 20140828083313.0
008 041118s2004||||xxu|||||s|||||000 1 eng d
040 _aPGUSA
_beng
042 _adc
050 4 _aPZ
100 1 _aChapman, Allen
245 1 0 _aTom Fairfield's Pluck and Luck; Or, Working to Clear His Name
_h[electronic resource] /
_cAllen Chapman
260 _bProject Gutenberg,
_c2004
506 _aPublic domain in the USA.
516 _aElectronic text
653 _aBoarding schools -- Juvenile fiction
830 0 _aProject Gutenberg
_v14083
856 4 0 _uhttp://www.gutenberg.org/ebooks/14083
942 _cEB
999 _c243338
_d243338